El arte de secuestrar / (Registro nro. 4006)
[ vista simple ]
| 000 -LEADER | |
|---|---|
| fixed length control field | 01591nam a2200277Ia 4500 |
| 003 - CONTROL NUMBER IDENTIFIER | |
| control field | OSt |
| 005 - DATE AND TIME OF LATEST TRANSACTION | |
| control field | 20250711143109.0 |
| 008 - FIXED-LENGTH DATA ELEMENTS--GENERAL INFORMATION | |
| fixed length control field | 191128s2009 sp a br 000 f spa d |
| 020 ## - INTERNATIONAL STANDARD BOOK NUMBER | |
| International Standard Book Number | 9788426373762 |
| 040 ## - CATALOGING SOURCE | |
| Original cataloging agency | CO-JMCR |
| Modifying agency | CO-JMCR |
| Transcribing agency | . |
| 041 ## - LANGUAGE CODE | |
| Language code of text/sound track or separate title | spa |
| 082 04 - DEWEY DECIMAL CLASSIFICATION NUMBER | |
| Classification number | N |
| Item number | DEAa |
| 100 1# - MAIN ENTRY--PERSONAL NAME | |
| Personal name | Deary, Terry, |
| Relator term | autor |
| 9 (RLIN) | 6717 |
| 245 10 - TITLE STATEMENT | |
| Title | El arte de secuestrar / |
| Statement of responsibility, etc. | Terry Deary ; ilustraciones John Kelly ; traducción Máximo Sáez Escribano |
| 260 ## - PUBLICATION, DISTRIBUTION, ETC. | |
| Place of publication, distribution, etc. | Madrid : |
| Name of publisher, distributor, etc. | Edelvives, |
| Date of publication, distribution, etc. | 2009 |
| 300 ## - PHYSICAL DESCRIPTION | |
| Extent | 222 páginas : |
| Other physical details | ilustraciones en blanco y negro ; |
| Dimensions | 18 cm. |
| 490 ## - SERIES STATEMENT | |
| Series statement | Academia de truhanes del profesor randa |
| 500 ## - GENERAL NOTE | |
| General note | Este libro es un homenaje a los miles de pobres que sufrieron y murieron en los hospicios de la reina Victoria. Esta dedicado a la memoria de John Wells, quien reveló las espantosas escenas del hospicio de Andover en 1845. |
| 505 ## - FORMATTED CONTENTS NOTE | |
| Formatted contents note | Sombras y sustos -- Winrich y waterloo -- Ruby y el rescate -- Peniques y pobres -- Canes y carcamales -- Miedo y miseria -- Pateles y planes -- Ganas y gachas -- Papel y pintura -- Caos y carreteras -- Demandas y disparos -- Brazaletes y ballenas |
| 520 ## - SUMMARY, ETC. | |
| Summary, etc. | 1837: en la ciudad inglesa de Winrich acaba de abrirse la primera academia de truhanes del mundo. En ella, los niños de la calle aprenden a no acabar en la cárcel y a sobrevivir robando a ricachones que han hecho su fortuna estafando a los humildes. |
| 534 ## - ORIGINAL VERSION NOTE | |
| Introductory phrase | Classes in Kidnapping |
| 650 14 - SUBJECT ADDED ENTRY--TOPICAL TERM | |
| Topical term or geographic name entry element | Aventuras en la literatura |
| 9 (RLIN) | 6718 |
| 700 ## - ADDED ENTRY--PERSONAL NAME | |
| Personal name | Kelly, John, |
| Relator term | ilustrador |
| 9 (RLIN) | 6719 |
| 700 ## - ADDED ENTRY--PERSONAL NAME | |
| Personal name | Sáez Escribano, Máximo |
| Relator term | traductor |
| 9 (RLIN) | 6720 |
| 942 ## - ADDED ENTRY ELEMENTS (KOHA) | |
| Source of classification or shelving scheme | Dewey Decimal Classification |
| Koha item type | Books |
| Withdrawn status | Lost status | Source of classification or shelving scheme | Damaged status | Not for loan | Collection code | Home library | Current library | Date acquired | Source of acquisition | Cost, normal purchase price | Total Checkouts | Total Renewals | Full call number | Barcode | Date last seen | Date last checked out | Copy number | Price effective from | Koha item type |
|---|---|---|---|---|---|---|---|---|---|---|---|---|---|---|---|---|---|---|---|
| Dewey Decimal Classification | Fiction | Biblioteca Pública José María del Castillo y Rada | Biblioteca Pública José María del Castillo y Rada | 11/28/2019 | Donación | 0.00 | 8 | 1 | N DEAa | 201808798 | 03/31/2026 | 03/31/2026 | Ej.1 | Books |